000 00293nam a22000977a 4500
100 _aKelash Kumar
_a08EL51
245 _aA Comprehendive Study of High Voltage Equipements Study Behavior Operation and Maintenance of Sub Station
260 _aNawabshah
_bQUEST
_c2012
300 _a84 p
942 _cBK
999 _c57371
_d57368